|
|
|
|
| LEADER |
00000nas a2200000 a 4500 |
| 001 |
ssj0000858023 |
| 003 |
WaSeSS |
| 005 |
20200512172242.0 |
| 006 |
m d |
| 007 |
cr n |
| 008 |
130323u20uuuuuuit a| p|s|||||| |0eng d |
| 035 |
|
|
|a (WaSeSS)ssj0000858023
|
| 040 |
|
|
|a WaSeSS
|c WaSeSS
|d WaSeSS
|
| 050 |
|
4 |
|a HF5717
|
| 245 |
0 |
0 |
|a Communicative business
|h [electronic resource].
|
| 260 |
|
|
|a Milan, Italy :
|b Vita e Pensiero Publisher
|
| 310 |
|
|
|a Annual
|
| 506 |
|
|
|a License restrictions may limit access.
|
| 588 |
|
|
|a Description based on: no. 1, 3-4 (2008); title from pdf title page (ProQuest, viewed March 23, 2013).
|
| 588 |
|
|
|a Latest issue consulted: no. 1, 3-4 (2010) (viewed March 23, 2013).
|
| 650 |
|
0 |
|a Business communication
|v Periodicals.
|
| 655 |
|
0 |
|a Electronic journals.
|
| 776 |
0 |
8 |
|i Print version:
|t Communicative business
|x 2035-973X
|
| 856 |
4 |
0 |
|z Full text available from Research Library: 01/01/2008 to 01/31/2010
|u https://search.proquest.com/publication/136211
|